| 000 | 00732nam a22002297a 4500 | ||
|---|---|---|---|
| 003 | UA-OsUOA | ||
| 001 | 106929 | ||
| 007 | ta | ||
| 008 | 20140625b un ||||| |||| 00| 0 ukr d | ||
| 090 |
_a016:340 _bД36 |
||
| 942 | _cBK | ||
| 040 |
_aUA-OsUOA _bukr _cUA-OsUOA _dUA-OsUOA |
||
| 245 |
_aДержава і право _bбібліографічні посібники: анотований каталог _cуклад.: В. Ю. Радченко, В. А. Шкаріна |
||
| 300 | _a292 с. | ||
| 955 | _a1 | ||
| 041 | _aukr | ||
| 080 | _a016:340 | ||
| 020 | _a978-966-02-5116-8 | ||
| 260 |
_aК. _bНБУВ _c2010 |
||
| 650 | 7 |
_a01 Бібліографія і бібліографії. Каталоги _2UDC |
|
| 999 |
_c393402 _d393402 |
||